<An> Incentive approach to identifying financial system vulnerabilities

Salvato in:
Dettagli Bibliografici
Autore principale: Chai, Jingqing
Altri autori: Johnston, R. Barry
Natura: Libro
Lingua:inglese
Pubblicazione: Washington International Monetary Fund 2000
Serie:IMF Working Paper WP/00/211
Soggetti:
Tags: Aggiungi Tag
Nessun Tag, puoi essere il primo ad aggiungerne!!

MARC

LEADER 00000nam a2200000 4500
001 c124581
005 20221221082626.6
041 0 |a eng 
044 |a US 
245 1 0 |a <An> Incentive approach to identifying financial system vulnerabilities  |c Jingqing Chai, R. Barry Johnston 
264 1 |a Washington  |b International Monetary Fund  |c 2000 
300 |a 19 s. 
490 1 |a IMF Working Paper  |v WP/00/211 
830 0 |a IMF Working Paper  |v WP/00/211 
610 2 0 |a informácie asymetrické 
610 2 0 |a trh 
610 2 0 |a sústava finančná 
100 1 |a Chai, Jingqing 
700 1 |a Johnston, R. Barry